Music Quiz

Random Music or Song Quiz

1980s Song Title Beginnings II Quiz Stats

 Plays Quiz not verified by Sporcle

Score 0/32 Timer 05:00
0 Plays Today
% Correct
Eye
98.1%
Purple
97.8%
Heaven
97.5%
Hit
97.4%
Against
97.1%
Under
97.1%
Sweet
96.9%
Walking
96.9%
Born
96.7%
Welcome
96.5%
Down
96.2%
Janie’s
95.5%
Straight
95.4%
Video
95.1%
Smooth
94.8%
Holding
94.7%
% Correct
Pump
94.4%
Miss
94.1%
Danger
93.8%
White
93.5%
Keep
92.9%
Open
91.2%
Broken
89.9%
Only
88.8%
Crazy
88.6%
Party
86.6%
Caribbean
86.5%
Brass
82.2%
Private
80.2%
Sister
79.8%
Shattered
73.5%
Shame
56.3%

You're not logged in!

Compare scores with friends on all Sporcle quizzes.
OR
Log In

Show Comments

Extras

Top Quizzes Today


Score Distribution

Your Account Isn't Verified!

In order to create a playlist on Sporcle, you need to verify the email address you used during registration. Go to your Sporcle Settings to finish the process.

Report this User

Report this user for behavior that violates our Community Guidelines.

Details: